Séries de livres - Statistiques

Statistiques générales
  • Ce quiz a été pris 443 fois
  • Le résultat moyen est 7 sur 15
Statistiques - réponses
Hint Réponse % Correct
L'Elu y affronte Celui dont on ne doit pas prononcer le nom... Harry Potter
91%
Une trilogie qui parle de 12 districts... Hunger Games
87%
7 livres, 4 élus, 1 lion créateur de la magie, 1 sorcière blanche maléfique... Narnia
87%
Tentation, Hésitation, Révélation sont des tomes de cette série Twilight
77%
Le cinquième et dernier volume de la série principale s'appelle "Le dernier Olympien" Percy Jackson
64%
La série préquelle de cette série raconte entre autres l'histoire d'une bataille des 5 armées Le Seigneur des anneaux
60%
Les fans attendent toujours les volumes 6 et 7 de ce cycle de romans dont la série télévisée a apporté la renommée... Le Trône de fer
49%
En 8 cycles, cette histoire raconte la vie de meutes de félins qui se partagent des territoires dans la forêt La guerre des clans
44%
Roman polonais le plus connu, contant l'histoire d'un guerrier aux cheveux blancs... Le Sorceleur
35%
Histoire découpée en 2 tomes, et un monde où les Grishas sont craints Six of Crows
23%
Il y a eu un tome 8,5 dans cette série, l'héroïne est une elfe de 12 ans Gardiens des Cités Perdues
15%
Tétralogie, avec l'amitié italienne de Lenu et Lila L'amie prodigieuse
13%
Trilogie avec une fille qui voyage entre 2 mondes, dont le dernier tome est "L'Ile du Destin" La Quête d'Ewilan
12%
Référence à 1984 de Georges Orwell, il s'agit d'une série de Haruki Murakami 1Q84
11%
Tous les titres commencent par "La prophétie" et se passent en Souterre Gregor
1%
Aucun quiz correspondant
Distribution des résultats
% des personnes avec chaque résultat
Percentile par nombre de réponses
Votre historique - résultats
Vous n’avez pas pris ce quiz